Le cercle de famille = Hôyô kazoku

Salvato in:
Dettagli Bibliografici
Autore principale: Nobuo, Kojima
Natura: Libro
Lingua:Undetermined
Pubblicazione: France Philippe Picquier 2006
Soggetti:
Tags: Aggiungi Tag
Nessun Tag, puoi essere il primo ad aggiungerne! !
Thư viện lưu trữ: Trung tâm Học liệu Trường Đại học Cần Thơ
LEADER 00575nam a2200205Ia 4500
001 CTU_131268
008 210402s9999 xx 000 0 und d
082 |a 895.635 
082 |b N738 
100 |a Nobuo, Kojima 
245 0 |a Le cercle de famille = 
245 0 |b Hôyô kazoku 
245 0 |c Kojima Nobuo; Translated by Elizabeth Suetsugu 
260 |a France 
260 |b Philippe Picquier 
260 |c 2006 
650 |a Japanese literature,Japanese fiction 
650 |y 21st century 
904 |i Minh 
980 |a Trung tâm Học liệu Trường Đại học Cần Thơ